000 00690nam a2200289Ia 4500
005 20260324125348.0
008 008 260324s9999 xx 000 0 eng d
020 _a9781315083643
037 _aEBOOK
040 _aCRL
040 _beng
040 _cCRL
041 _2eng
041 _aeng
084 _qCRL
100 _aPeter Prescott
_91177704
245 2 _aA Darkening Green
245 0 _bNotes on Harvard, the 1950s, and the End of Innocence
260 _bTaylor and Francis
260 _c2009
365 _a
365 _b230
856 _uhttp://www.taylorfrancis.com/books/9781315083643
942 _cEBOOK
999 _c1772867
_d1772867